Tranzistornyje schemy avtomatičeskogo upravlenija projektirovanije i rasčet

Gespeichert in:
Bibliographische Detailangaben
Format: Buch
Sprache:Russisch
Veröffentlicht: Moskva : Sovetskoje radio, 1967
Tags: Tag hinzufügen
Keine Tags, Fügen Sie das erste Tag hinzu!

MARC

LEADER 00000nam a22000003a 4500
001 stu43565
005 20141122043737.3
008 941108s1967----xxr-----------------rus-d
040 |a STU  |b slo 
041 0 |a rus 
044 |a xxr 
245 |a Tranzistornyje schemy avtomatičeskogo upravlenija projektirovanije i rasčet 
260 |a Moskva :  |b Sovetskoje radio,  |c 1967 
300 |a 280 s 
996 |b 284M003673  |c M*4081-1  |l MMKN  |s A  |a 24  |w stu43565_0001